Movies Quiz

Random Movies Quiz
Score 0/9 Timer 10:00
0 Plays Today
% Correct
Dutch
80.2%
Dillon
80.2%
Mac
73.3%
Predator
73.3%
Anna
72.1%
Billy
69.4%
Blain
67.4%
Hawkins
57%
Poncho
51.2%
Remove Ads.
Support Sporcle.
Get the best of Sporcle when you Go Orange. This ad-free experience offers more features, more stats, and more fun while also helping to support Sporcle. Thank you for becoming a member.

You're not logged in!

Compare scores with friends on all Sporcle quizzes.
OR
Log In

Show Comments

Extras

Created Dec 16, 2018ReportNominate
Tags:kill, Killing, killstreak, Predator

Top Quizzes Today


Score Distribution

Your Account Isn't Verified!

In order to create a playlist on Sporcle, you need to verify the email address you used during registration. Go to your Sporcle Settings to finish the process.

Report this User

Report this user for behavior that violates our Community Guidelines.

Details: